| 000 | 00839nam a2200229 a 4500 | ||
|---|---|---|---|
| 999 |
_c5653 _d5653 |
||
| 001 | 5653 | ||
| 003 | BD-JhCC | ||
| 005 | 20230202134024.0 | ||
| 008 | 171126s2013 bg |||| ||a| 000 0 ben d | ||
| 020 | _a9840726919 | ||
| 035 | _a(BD-JhCC)5653 | ||
| 040 |
_aBD-JhCC _dBD-JhCC |
||
| 041 | _aben | ||
| 082 |
_a320.473 _bBHU 2013 |
||
| 100 | _aভূঁইয়া, মোহাম্মদ আব্দুল ওদুদ | ||
| 245 |
_aপৌরনীতি ও সুশাসন প্রথম পত্র একাদশ-দ্বাদশ শ্রেণী / _cমোহাম্মদ আব্দুল ওদুদ ভূঁইয়া |
||
| 260 |
_aঢাকা : _bঅক্ষরপত্র প্রকাশনী, _c2013. |
||
| 300 |
_a238 p. : _c23 cm. |
||
| 650 | _aCivics | ||
| 942 |
_2ddc _cBK _04 |
||